| 000 | 00496nam a2200181Ia 4500 | ||
|---|---|---|---|
| 003 | GCL | ||
| 008 | 140319s9999 xx 000 0 eng d | ||
| 040 |
_aGCL / _cGCL |
||
| 082 | 0 | 4 |
_a330.9 _bK G |
| 100 | 1 | _aKNOX, PAUL | |
| 245 | 1 | 0 |
_aTHE GEOGRAPHY OF THE WORLD ECONOMY: AN INTRODUCTION TO ECONOMIC GEOGRAPHY / _cKNOX, PAUL |
| 700 | 1 | _aAGNEW, JOHN | |
| 260 |
_a[S.N] : _bEDWARD ARNOLD ، _c1994 |
||
| 300 | _a439 P | ||
| 650 | 0 | 4 | _aECONOMICS |
| 650 | 0 | 4 | _aECONOMIC GEOGRAPHY |
| 942 |
_2ddc _cBK |
||
| 999 |
_c23576 _d23576 |
||